La mujer en el medio rural: bibliografía
La obra, publicada por el Centro Interamericano de Documentación e Información Agrícola (IICA CIDIA) en Costa Rica en 1975, recopila una extensa bibliografía sobre la situación y roles de las mujeres en contextos rurales. El trabajo aborda temas como la participación femenina en actividades agrícola...
Guardado en:
| Format: | Bog |
|---|---|
| Sprog: | Spanish |
| Fag: | |
| Tags: |
Tilføj Tag
Ingen Tags, Vær først til at tagge denne postø!
|
MARC
| LEADER | 00000nam a22000007a 4500 | ||
|---|---|---|---|
| 003 | cru CIDCACS/IIS | ||
| 005 | 20230827070549.0 | ||
| 008 | 230221s1975 cr |||p|r|||| 00| 0 spa d | ||
| 040 | |c cru CIDCACS/IIS | ||
| 245 | 3 | |a La mujer en el medio rural: |b bibliografía | |
| 300 | |a 95 páginas | ||
| 500 | |a Colección Centroamérica | ||
| 520 | |a La obra, publicada por el Centro Interamericano de Documentación e Información Agrícola (IICA CIDIA) en Costa Rica en 1975, recopila una extensa bibliografía sobre la situación y roles de las mujeres en contextos rurales. El trabajo aborda temas como la participación femenina en actividades agrícolas y agropecuarias, su acceso a la educación y la salud, así como su contribución a la economía rural. La obra también destaca los desafíos que enfrentan las mujeres rurales y busca visibilizar su papel en la sociedad. A través de esta compilación bibliográfica, se busca proporcionar recursos y herramientas para comprender y abordar las cuestiones de género en el ámbito rural. RAR | ||
| 650 | 0 | |2 OCDE |9 2486 |a MUJERES RURALES | |
| 650 | 0 | |2 OCDE |9 11602 |a PARTICIPACION ACTIVA | |
| 650 | 0 | |2 OCDE |9 93 |a AGRICULTURA | |
| 650 | 0 | |2 OCDE |9 944 |a EDUCACION | |
| 650 | 0 | |2 OCDE |9 2449 |a SALUD | |
| 650 | 0 | |2 OCDE |9 964 |a GENERO | |
| 650 | 0 | |2 OCDE |9 5169 |a ROLES DE LOS GENEROS | |
| 650 | 0 | |2 OCDE |9 11649 |a DESAFIOS | |
| 651 | 0 | |2 OCDE |9 32 |a COSTA RICA | |
| 773 | 0 | |0 43206 |9 8261 |a Instituto Interamericano de Ciencias Agrícolas. |d Guatemala: IICA; CIDIA |o 18807 |t Documentación e Información Agrícola/ |x 0301438X | |
| 942 | |2 ddc |c PP | ||
| 999 | |c 44775 |d 44775 | ||
